000 03819nab a22007097 4500
003 AR-RoUNA
022 _a0327-9022
040 _aAR-RoUNA
_bspa
041 _aspa
044 _aag
245 _aSumma+ /
_bTipología
260 _aBuenos Aires (Argentina):
_cDonn SA,
_b1993.
300 _a144 p. :
_bil. byn.
_bplanos
_c34X25 cm.
505 0 _tINDICE
505 0 _aFernando Diez / Viejs tipos, nuevos proyectos. p. 1
505 0 _tCARTELERA
505 0 _aMartín Di Peco / Re - Invenciones tipológicas. p. 8
505 0 _tHABITANDO EL GRAN CAÑON
505 0 _aMvRdV / Rotterdam Markthal, Rotterda, Países Bajos, 2014. p. 10
505 0 _tLECTURAS EN EL BOSQUE Y EN LA CUEVA
505 0 _aToyo Ito & Asociados / Biblioteca de la Universidad de Arte de Tama (Campus Hachiqui), Hachiqui, Tokio, Japón, 2007. p. 18
505 0 _tCUATRO AGUAS DE ARTE
505 0 _aHerzog & De Meuron / Parrish art Museum, Water Mill, Nueva York, Estados Unidos, 2012. p. 26
505 0 _aPablo Meninato / Alteraciones Tipológicas. p. 34
505 0 _aFernando Diez / Casa y arquetipo: Clusellas a dos aguas. p. 46
505 0 _aEstudio Clusellas / Casa en el Oeste, Provincia de Buenos Aires, Argentina, 2015. p. 54
505 0 _aEstudio Clusellas / Casa en el Sur, Patagonia, Argentina, 2015. p. 60
505 0 _aGustavo Alonso Serafin / Singular y Estándar. p. 66
505 0 _tPARÁMETRO SALUDABLE
505 0 _aPMMT / Hospital Paramétrico de Puyo, Provincia de Pastaza, Ecuador, 2013. p. 68
505 0 _tPLATAFORMA EDUCATIVA
505 0 _aPlan: B arqquitectos / Institución educativa Embera Atrato Medio, Vigía del Fuerte, Antioquia, Colombia, 2014. p. 74
505 0 _tAPRENDIENDO DEL DESIERTO
505 0 _aJorge Losada y Lola Rodríguez / Taller de arquitectura en el desierto, Ciudad de Piura, Piura, Perú, 2015. p.80
505 0 _tRECURSO AUTÓCTONO
505 0 _aMarta Maccaglia ( Asociación Semillas), Paulo Afonso / Aula Multifuncional Mazaronkiari, Comunidad Nativa de Mazaronkiari, Distrito de Pangoa, Provincia Satipo, Región, Junin, Perú, 2014. p. 86
505 0 _aConstanza Chiozza / La arquitectura como paisaje. p. 92
505 0 _aÁlvaro Siza Vieira / Casa de Chá Boa Nova - Primera restauración, Leça Da Palmeira, Portugal, 1991. p.96
505 0 _aÁlvaro Siza Vieira / Casa de Chá Boa Nova - Segunda restauración, Leça Da Palmeira, Portugal, 1994. p.96
505 0 _aValeria Matayoshi / Taxonomía Arquitectónica. p. 106
505 0 _tCASA DENTRO DE CASA
505 0 _aJens Wolter / Casa Fro, Ing. Maschwitz, Provincia de Buenos Aires, Argentina, 2015. p. 108
505 0 _tFILTRO SUPERPUESTO
505 0 _aBächlemeid Architekten / Casa K, Contanza, Alemania, 2015. p. 112
505 0 _tREFUGIO ESTUDIANTIL
505 0 _aFree Lab de la Escuela de arquitectura de la Universidad de Dalhousie / Refugio en la Bahía de Fundy, Nueva Escocia, Canadá, 2014. p. 116
505 0 _tUNA CASA, UN PALACIO
505 0 _aEdson Da Cunha Mahifuz / Le Corbisier en la India. p. 120
505 0 _aGustavo Alonso Serafin / Arte en escena. p. 124
505 0 _aGustavo Alonso Serafin / La arquitectura de las ciudades. p. 126
505 0 _aRafael E.J. Iglesia / Un arquitecto en Berlina. p. 130
505 0 _aIgnacio Ros de Olano / Chinchero en papel. p. 133
505 0 _aMario Sabugo / El faro de Colón. p. 134
505 0 _aRoberto Fernández / Dieste: construcción cerámica del proyecto. p. 135
505 0 _aKaren Eicker / Un resumen de Cica Shanghái 2015. p. 136
650 _2Arquitectura conteporánea
773 0 _aSumma+
_dBuenos Aires, Argentina
_gNº151 (jul, 2016), p. 136
_x0327-9022
908 _aImp
942 _2udc
_cART
945 _d2022-07-08
980 _6138
_aCarolina Rainero
_8138
_gCarolina Rainero
999 _c12306
_d12306